[Event "51st World Juniors"]
[Site "Athens GRE"]
[Date "2012.08.15"]
[Round "13.55"]
[White "Liodakis, Konstantinos-Spyros"]
[Black "Poulopoulos, Ioannis"]
[Result "1-0"]
[WhiteElo "2130"]
[BlackElo "2007"]
[WhiteFideId "4217136"]
[BlackFideId "4218078"]
[EventDate "2012.08.02"]

1. c4 Nf6 2. Nc3 e6 3. e4 d5 4. e5 d4 5. exf6 dxc3 6. bxc3 Qxf6 7. d4 Bd6 8. Nf3
h6 9. Bd3 O-O 10. O-O c5 11. Bc2 Nc6 12. Qd3 Qf5 13. Qd2 Qf6 14. Qd3 Qf5 15. Qe2
Qh5 16. Ba3 Bxh2+ 17. Kh1 e5 18. Qe4 Bf4+ 19. Kg1 f5 20. Qd5+ Kh8 21. Qxc5 Rf6
22. Bc1 Rg6 23. Bxf4 exf4 24. Ne1 Qh3 25. f3 Qg3 26. Rf2 Bd7 27. Nd3 Re8 28. Re1
Re3 29. d5 b6 30. Qf8+ Kh7 31. dxc6 Rxf3 32. Ree2 Bxc6 33. Qxf5 Rxf2 34. Rxf2
Bxg2 35. Qxg6+ 1-0

[Event "51st World Juniors"]
[Site "Athens GRE"]
[Date "2012.08.15"]
[Round "13.56"]
[White "Haria, Ravi"]
[Black "Yurtseven, Melih"]
[Result "1-0"]
[WhiteElo "2054"]
[BlackElo "2126"]
[WhiteFideId "415820"]
[BlackFideId "6312160"]
[EventDate "2012.08.02"]

1. e4 c5 2. Nf3 d6 3. d4 Nf6 4. Nc3 cxd4 5. Nxd4 a6 6. Be2 e6 7. O-O Be7 8. Be3
O-O 9. f4 Qc7 10. a4 b6 11. Kh1 Bb7 12. Bf3 Nbd7 13. Qe1 Rfe8 14. g4 e5 15. Nf5
exf4 16. Bxf4 Ne5 17. Bxe5 dxe5 18. g5 Nd7 19. Qg3 Bf8 20. Ne3 Rac8 21. Rad1 Nc5
22. Ncd5 Bxd5 23. Nxd5 Qb7 24. Qh4 Ne6 25. Bg4 Kh8 26. Bf5 g6 27. Nf6 h6 28. Rd7
Rc7 29. Bxe6 Rxe6 30. Rd8 Rc8 31. Qxh6# 1-0

[Event "51st World Juniors"]
[Site "Athens GRE"]
[Date "2012.08.15"]
[Round "13.57"]
[White "Kvaratskhelia, Dimitri"]
[Black "Stepanyan, Henrik"]
[Result "1-0"]
[WhiteElo "2093"]
[BlackElo "2022"]
[WhiteFideId "13604295"]
[BlackFideId "401030"]
[EventDate "2012.08.02"]

1. d4 d5 2. Nf3 Nf6 3. c4 e6 4. Bg5 Be7 5. Nc3 O-O 6. e3 dxc4 7. Bxc4 c5 8. O-O
cxd4 9. Nxd4 a6 10. Qe2 b5 11. Bb3 Bb7 12. Rfd1 Qc7 13. Rac1 Nc6 14. Bxf6 Bxf6
15. Nxc6 Bxc6 16. Nd5 Qb7 17. Nxf6+ gxf6 18. Qg4+ Kh8 19. Qh4 Rg8 20. Qxf6+ Rg7
21. Rd8+ Rxd8 22. Qxd8+ Rg8 23. Qf6+ Rg7 24. Rd1 Be8 25. g3 Qc6 26. Rd8 b4 27.
Bd5 Qb5 28. Bxe6 1-0

[Event "51st World Juniors"]
[Site "Athens GRE"]
[Date "2012.08.15"]
[Round "13.58"]
[White "Kalogridakis, Georgios"]
[Black "Capone, Nicola"]
[Result "1-0"]
[WhiteElo "2017"]
[BlackElo "2120"]
[WhiteFideId "4249666"]
[BlackFideId "224715"]
[EventDate "2012.08.02"]

1. e4 c5 2. Nf3 d6 3. d3 Nc6 4. g3 g6 5. Bg2 Bg7 6. O-O e6 7. c3 Nge7 8. Re1 O-O
9. Nbd2 b5 10. Nf1 Rb8 11. d4 b4 12. Bf4 cxd4 13. cxd4 e5 14. Be3 Qa5 15. d5 Nd8
16. N1d2 Bd7 17. Nc4 Qa6 18. Bf1 Bb5 19. Nfd2 Nc8 20. a4 Bxc4 21. Bxc4 Qb7 22.
Qe2 Qe7 23. Ba6 f5 24. f3 f4 25. Bf2 Nf7 26. g4 h5 27. h3 Bf6 28. Kg2 Kg7 29.
Nb3 Qd7 30. Bb5 Qd8 31. Rac1 Bg5 32. Rc6 Nh6 33. Nd2 Bh4 34. Rec1 Bxf2 35. Qxf2
hxg4 36. hxg4 Rf7 37. Ba6 Nb6 38. a5 Na4 39. Nb3 Qg5 40. Rc7 Rf8 41. Bc8 Nc3 42.
Rxf7+ Nxf7 43. Bd7 Nxd5 44. exd5 e4 45. Nd4 1-0

[Event "51st World Juniors"]
[Site "Athens GRE"]
[Date "2012.08.15"]
[Round "13.59"]
[White "Jefic, Srdjan"]
[Black "Jones, William E G"]
[Result "1/2-1/2"]
[WhiteElo "2165"]
[BlackElo "2127"]
[WhiteFideId "14403080"]
[BlackFideId "470554"]
[EventDate "2012.08.02"]

1. e4 c5 2. Nf3 d6 3. d4 cxd4 4. Nxd4 Nf6 5. Nc3 a6 6. Be3 e5 7. Nb3 Be6 8. f4
exf4 9. Bxf4 Nc6 10. Qe2 Be7 11. h3 Nd7 12. O-O-O Nce5 13. Qd2 O-O 14. g4 Rc8
15. Kb1 Qc7 16. Nd4 g6 17. Be2 Nb6 18. Qe1 Nec4 19. Bxc4 Nxc4 20. Rd3 Bf6 21.
Qc1 Qb6 22. Rhd1 Ne5 23. Bxe5 Bxe5 24. Qd2 Bc4 25. Rf3 Rc7 26. b3 Be6 27. Nce2
Rfc8 28. c3 Qa5 29. Kb2 b5 30. Nxe6 fxe6 31. Nd4 Qb6 32. Kb1 Qa5 33. Rc1 b4 34.
c4 Re7 35. Qg5 Rce8 36. Nc6 Qa3 37. Nxe5 dxe5 38. Qxe5 Rd7 39. Rf2 a5 40. Rcf1
a4 41. Qc5 Rdd8 42. Qa7 Ra8 43. Qf7+ Kh8 44. Qf6+ Kg8 45. Qf7+ Kh8 46. Qf3 e5
47. c5 Re6 48. Rd1 axb3 49. Qxb3 Qxb3+ 50. axb3 Rea6 51. Rb2 Rf8 52. Rc2 Rfa8
53. Rb2 Rf8 54. Rd6 Rf1+ 55. Kc2 Ra5 56. Rd5 Rf2+ 57. Kb1 Rf1+ 58. Kc2 Rf2+ 59.
Kb1 Rf1+ 60. Kc2 Rf2+ 1/2-1/2

[Event "51st World Juniors"]
[Site "Athens GRE"]
[Date "2012.08.15"]
[Round "13.60"]
[White "Tsiros, Fragkiskos Vlasios"]
[Black "Zulfic, Fedja"]
[Result "0-1"]
[WhiteElo "1897"]
[BlackElo "2135"]
[WhiteFideId "4228200"]
[BlackFideId "3208427"]
[EventDate "2012.08.02"]

1. e4 c5 2. Nf3 Nc6 3. d4 cxd4 4. Nxd4 g6 5. Nc3 Bg7 6. Be3 Nf6 7. Bc4 d6 8. Bb3
Bd7 9. f3 Rc8 10. O-O O-O 11. Qd2 Na5 12. a4 a6 13. Rfd1 Nc4 14. Bxc4 Rxc4 15.
a5 Qc8 16. Nde2 Be6 17. Bd4 Nd7 18. Bxg7 Kxg7 19. Qe3 Qc5 20. Qxc5 Rxc5 21. Nf4
Rfc8 22. Nxe6+ fxe6 23. f4 Nb8 24. Rd4 Nc6 25. Rda4 d5 26. exd5 exd5 27. Re1 Kf7
28. Re2 Nxa5 29. Rd4 e6 30. Rd1 R5c6 31. Rde1 Rd6 32. Nb1 Nc4 33. b3 Nb6 34. Nd2
h6 35. Nf3 Nd7 36. g4 Nc5 37. h4 Ne4 38. c4 b5 39. Ne5+ Kg7 40. Re3 Nf6 41. cxb5
axb5 42. Ra1 Rc7 43. Ra8 Nd7 44. Nf3 Rc1+ 45. Kg2 Rc2+ 46. Kg3 d4 47. Rd3 Rc3
48. Rxc3 dxc3 49. Rc8 b4 50. Kf2 Nb6 51. Rc7+ Rd7 52. Rc6 Nd5 53. Nd4 Nxf4 54.
Nxe6+ Nxe6 55. Rxe6 Rc7 56. Re1 c2 57. Rc1 Kf6 58. Ke2 Ke5 59. Kd2 Kf4 60. Rxc2
Rxc2+ 61. Kxc2 Kxg4 62. Kd3 Kxh4 63. Kc4 g5 64. Kxb4 g4 65. Ka5 g3 0-1

[Event "51st World Juniors"]
[Site "Athens GRE"]
[Date "2012.08.15"]
[Round "13.61"]
[White "Caetano, Hugo Zanotti Mendonca"]
[Black "Wu, Kevin"]
[Result "1/2-1/2"]
[WhiteElo "2109"]
[BlackElo "1905"]
[WhiteFideId "2119420"]
[BlackFideId "2609720"]
[EventDate "2012.08.02"]

1. d4 g6 2. c4 Bg7 3. Nc3 c5 4. d5 Bxc3+ 5. bxc3 f5 6. Qa4 e5 7. dxe6 Nc6 8.
exd7+ Bxd7 9. Qc2 Nf6 10. Nf3 Qa5 11. e3 O-O-O 12. Bd3 Be6 13. O-O Qa6 14. Re1
Bxc4 15. Bxc4 Qxc4 16. Nd2 Qh4 17. g3 Qh3 18. Rb1 Ne5 19. Qb3 Rd7 20. f4 Nfg4
21. Re2 Nxh2 22. fxe5 Qxg3+ 23. Rg2 Nf3+ 24. Nxf3 Qxf3 25. Bd2 Rhd8 26. e6 Rxd2
27. Rxd2 Qxe3+ 28. Rf2 Qg3+ 29. Kf1 Qh3+ 30. Kg1 Qg3+ 31. Kh1 Qh3+ 32. Kg1 Qg3+
33. Rg2 Qe3+ 34. Kh2 Qh6+ 35. Kg1 Qe3+ 36. Rf2 Qg3+ 1/2-1/2

[Event "51st World Juniors"]
[Site "Athens GRE"]
[Date "2012.08.15"]
[Round "13.62"]
[White "Cajahuanca Ramirez, Olindo"]
[Black "Kalofonos, Panayotis"]
[Result "0-1"]
[WhiteElo "1856"]
[BlackElo "1806"]
[WhiteFideId "3811530"]
[BlackFideId "4233824"]
[EventDate "2012.08.02"]

1. d4 d5 2. c4 e6 3. Nc3 c6 4. Nf3 Nf6 5. Bg5 h6 6. Bh4 dxc4 7. e4 g5 8. Bg3 b5
9. Qc2 Bb7 10. Rd1 Nbd7 11. Be2 Qb6 12. Ne5 Bg7 13. Nxd7 Nxd7 14. d5 O-O-O 15.
dxe6 fxe6 16. Bg4 Nc5 17. O-O h5 18. Be2 e5 19. b3 cxb3 20. axb3 b4 21. Na2 h4
22. Rxd8+ Rxd8 23. Rc1 Nd7 24. Bg4 hxg3 25. hxg3 Kb8 26. Qd2 Nf6 27. Qxg5 Qxf2+
28. Kxf2 Nxe4+ 29. Ke3 Nxg5 30. Nxb4 Rd6 31. Rc5 Rd4 32. Rc4 Rxc4 33. bxc4 Kc7
34. c5 a5 35. Nd3 Ba6 36. Bd1 Bxd3 37. Kxd3 Bf8 38. Kc4 Ne4 39. g4 Nxc5 40. g5
Ne6 41. g6 Nf4 0-1

[Event "51st World Juniors"]
[Site "Athens GRE"]
[Date "2012.08.15"]
[Round "13.63"]
[White "Davis, Ashley J"]
[Black "Alexiadis, Hristos"]
[Result "1-0"]
[WhiteElo "1929"]
[BlackElo "1769"]
[WhiteFideId "407798"]
[BlackFideId "4249623"]
[EventDate "2012.08.02"]

1. d4 Nf6 2. g3 g6 3. Bg2 Bg7 4. e4 d6 5. c4 O-O 6. Nc3 c5 7. Nge2 cxd4 8. Nxd4
Nc6 9. Nde2 Be6 10. Nd5 Na5 11. Qa4 Rc8 12. Bd2 Nxc4 13. Bc3 Nxd5 14. exd5 Nb6
15. Qxa7 Nxd5 16. Bxg7 Kxg7 17. Bxd5 Bd7 18. Nc3 e5 19. O-O Bh3 20. Bg2 Bf5 21.
Rad1 Bg4 22. Rd2 b6 23. Qa3 Qg5 24. Ne4 Qe7 25. Qxd6 Qa7 26. Qf6+ 1-0

[Event "51st World Juniors"]
[Site "Athens GRE"]
[Date "2012.08.15"]
[Round "13.64"]
[White "Papasimakopoulos, Vasilios"]
[Black "Panagos, Theodoros"]
[Result "1/2-1/2"]
[WhiteElo "1820"]
[BlackElo "1768"]
[WhiteFideId "4244141"]
[BlackFideId "4236955"]
[EventDate "2012.08.02"]

1. d4 d5 2. c4 e6 3. Nc3 Be7 4. cxd5 exd5 5. Bf4 c6 6. Qc2 g6 7. e3 Bf5 8. Bd3
Bxd3 9. Qxd3 Nf6 10. Nf3 Nbd7 11. h3 Qa5 12. O-O O-O 13. Ne5 Nxe5 14. Bxe5 Nd7
15. Bg3 Rad8 16. Rab1 b5 17. b3 f5 18. Rbc1 Rc8 19. Rc2 Nf6 20. Bh4 Rfd8 21.
Rfc1 a6 22. a4 b4 23. Ne2 Qb6 24. Nf4 Kf7 25. f3 h6 26. Bxf6 Kxf6 27. Qe2 Rd7
28. Nd3 Bd6 29. Nc5 Bxc5 30. Rxc5 Rd6 31. Kh1 Re8 32. a5 Qb7 33. Qd3 h5 34. Kg1
h4 35. Kf2 Kf7 36. Re1 Rde6 37. Re2 R8e7 38. Ke1 Re8 39. Kd2 R8e7 40. Re1 Re8
41. Qf1 Qe7 42. Qd3 1/2-1/2